It looks like you're offline.
Open Library logo
additional options menu

MARC record from Internet Archive

LEADER: 01504cam a2200373 a 4500
001 2008026144
003 DLC
005 20091028083617.0
008 080724s2009 nyu d 000 1 eng
010 $a 2008026144
020 $a9780399250866
020 $a0399250867
035 $a(OCoLC)ocn237402324
040 $aDLC$cDLC$dIG#$dBTCTA$dXY4$dIHV$dDLC
042 $alcac
050 00 $aPZ7.N4377478$bSur 2009
100 1 $aNeri, Greg.
245 10 $aSurf mules /$cG. Neri.
260 $aNew York :$bG.P. Putnam's Sons,$cc2009.
300 $a273 p. ;$c24 cm.
520 $aWhen a tragic accident and sudden financial woes cause recent high school graduate Logan to question plans for his future, he agrees to make a road trip with his best friend and surfing buddy, Z-boy, transporting marijuana from southern California to Orlando, Florida.
650 0 $aSurfing$vJuvenile fiction.
650 0 $aAutomobile travel$vJuvenile fiction.
650 0 $aDrug couriers$vJuvenile fiction.
650 0 $aDeath$vJuvenile fiction.
650 0 $aFriendship$vJuvenile fiction.
650 1 $aComing of age$vFiction.
650 1 $aSurfing$vFiction.
650 1 $aAutomobile travel$vFiction.
650 1 $aDrug couriers$vFiction.
650 1 $aDeath$vFiction.
650 1 $aFriendship$vFiction.
856 42 $3Publisher description$uhttp://www.loc.gov/catdir/enhancements/fy0906/2008026144-d.html
856 42 $3Contributor biographical information$uhttp://www.loc.gov/catdir/enhancements/fy1001/2008026144-b.html